College Quizbowl Stats
College Quizbowl Stats
Circuits
Seasons
Sets
Records
Detailed Stats
About
Loading...
Southern California
Tossups
Bonuses
Players
Teams
Categories (Tossup)
Categories (Bonus)
Tyler Dang
UCLA A
Categories
Category
Powers
Gets
Negs
BBs
Points
Earliest Buzz
Avg. Buzz
First Buzzes
Top 3 Buzzes
BPA
PVF
Fine Arts - Classical Music
0
1
0
0
10
86
86.00
0
0
0.00
0.00
Science - Physics
0
1
0
0
10
55
55.00
0
1
0.00
0.00
Popular Culture
0
0
1
0
-5
0.00
0
0
0.00
0.00
Science - Other
0
0
2
0
-10
0.00
0
0
0.00
0.00
Buzzes
Category
Answer
Value
Buzz Position
Science - Other
computer graphics
-5
27
Popular Culture
dashing
-5
30
Science - Physics
energy
10
55
Science - Other
integer factorization
-5
57
Fine Arts - Classical Music
symphony
10
86
Previous
1
Next